| 000 | 00745cab a2200241 4500 | ||
|---|---|---|---|
| 001 | ABS44108 | ||
| 008 | 090401t1991 xxu||||| |||| 00| 0 eng d | ||
| 035 | _a(Sirsi) u45381 | ||
| 041 | _aeng | ||
| 100 | _aOxley, A. | ||
| 245 | _aAnalytical cost evaluation | ||
| 260 | _c1991 | ||
| 350 | _a0 | ||
| 490 |
_aCivil Engineering Surveyor _v16(1) February 1991, 15-18(3) |
||
| 520 | _aDetails IPM Services ` ACE system for quantity surveyors providing a case study based on a civil engineering project in Kuwait. | ||
| 650 | _aBILLS OF QUANTITIES | ||
| 650 | _aCOMPUTERS | ||
| 650 | _aESTIMATING | ||
| 650 | _aPOST CONTRACT WORK | ||
| 690 | _aMANAGEMENT-BUSINESS MANAGEMENT-INFORMATION MANAGEMENT | ||
| 942 | _n0 | ||
| 948 | _c04/03/1997 | ||
| 999 |
_c28811 _d28811 |
||